000 00749nam a22002537a 4500
999 _c20392
_d20392
003 AR-CdUCM
008 190529b ||||| |||| 00| 0 spa d
020 _a84-85530-14-4
040 _aMUNICIPALIDAD PROVINCIAL DEL CUSCO
_cBIBLIOTECA MUNICIPAL DEL CUSCO
041 _heng
082 _a522 /
_bM87
100 _aMuirden, James
_922266
245 _aNuestro universo /
260 _aEspaña:
_bFontalba,
_c1980.
300 _a92 páginas,
_c30 cm.
_bImágenes.
500 _a[Reempastado]
505 _aContenido: El universo misterioso -- El sol -- EL sistema solar...
650 _aAlba
_942646
650 _aAstronomia
_920961
650 _aLa luna
_936805
650 _aEstrellas
_920571
942 _2ddc
_cLIBROS
945 _aJavier